000 00305nam a22001217a 4500
020 _a0-07-047839-2
082 _a005.133-B ORI'B
100 _aORILIE, LAWRANCE S ,
_957061
245 _aSTRUCTURED BASICS , AN INTEGRATED APPROACH
260 _aNEWYORK
_bMCGRAW HILL
_c1985
300 _a492P
942 _cBK
999 _c567368
_d567368